000 00305nam a2200133Ia 4500
005 20251222141845.0
008 251222s9999||||xx |||||||||||||| ||spa||
020 _a84-206-3386-0
082 _a868.65/G23C
100 _aGarcĂ­a Lorca, Federico
245 0 _aCanciones:
264 _bAlianza
942 _cLIB
999 _c7555
_d7555